Pays à localiser - mini-test monde contemporain - Statistiques

Statistiques générales
  • Ce quiz a été pris 238 fois
  • Le résultat moyen est 23 sur 26
Réponses sur la Carte
Les réponses sont colorées sur une échelle allant du rouge au vert en fonction du pourcentage des utilisateurs qui les ont devinées à leur premier essai. Vous pouvez retrouver ces pourcentages ci-dessous.
 
Statistiques - réponses
Réponse % Correct
Italie
98%
Australie
97%
Canada
97%
France
97%
Brésil
96%
Chine
96%
Norvège
96%
Russie
96%
Allemagne
95%
États-Unis
95%
Chili
94%
Japon
94%
Madagascar
94%
Turquie
94%
Arabie Saoudite
93%
République Démocratique du Congo
91%
Venezuela
91%
Suisse
87%
Niger
86%
Éthiopie
85%
Afghanistan
84%
Nigeria
79%
Bangladesh
76%
Honduras
76%
Mozambique
76%
Haïti
68%
Aucun quiz correspondant
Distribution des résultats
% des personnes avec chaque résultat
Percentile par nombre de réponses
Votre historique - résultats
Vous n’avez pas pris ce quiz